[Event "Hoogeveen Open"]
[Site "Hoogeveen, Netherlands"]
[Date "2018.10.22"]
[Round "3.17"]
[White "Clemens, Adrian"]
[Black "Van Kooten, Luuk"]
[Result "1/2-1/2"]
[WhiteElo "2153"]
[BlackElo "2320"]

1. d4 {[%clk 01:30:52]} {[%emt 00:00:07]} Nf6 {[%clk 01:30:30]} {[%emt
00:00:30]} 2. c4 {[%clk 01:31:05]} {[%emt 00:00:17]} c5 {[%clk 01:30:35]}
{[%emt 00:00:25]} 3. d5 {[%clk 01:30:49]} {[%emt 00:00:45]} e6 {[%clk
01:30:41]} {[%emt 00:00:25]} 4. Nc3 {[%clk 01:30:39]} {[%emt 00:00:41]} exd5
{[%clk 01:30:42]} {[%emt 00:00:28]} 5. cxd5 {[%clk 01:31:03]} {[%emt 00:00:06]}
d6 {[%clk 01:30:46]} {[%emt 00:00:26]} 6. Nf3 {[%clk 01:30:57]} {[%emt
00:00:37]} g6 {[%clk 01:30:34]} {[%emt 00:00:41]} 7. Nd2 {[%clk 01:30:54]}
{[%emt 00:00:33]} Bg7 {[%clk 01:28:48]} {[%emt 00:02:17]} 8. e4 {[%clk
01:30:58]} {[%emt 00:00:26]} O-O {[%clk 01:26:39]} {[%emt 00:02:38]} 9. Be2
{[%clk 01:30:28]} {[%emt 00:01:00]} Na6 {[%clk 01:25:26]} {[%emt 00:01:43]} 10.
O-O {[%clk 01:28:21]} {[%emt 00:02:38]} Nc7 {[%clk 01:22:25]} {[%emt 00:03:30]}
11. a4 {[%clk 01:27:55]} {[%emt 00:00:57]} b6 {[%clk 01:18:23]} {[%emt
00:04:32]} 12. Nc4 {[%clk 01:24:10]} {[%emt 00:04:14]} Ba6 {[%clk 01:15:27]}
{[%emt 00:03:26]} 13. Bg5 {[%clk 01:19:17]} {[%emt 00:05:23]} Qd7 {[%clk
01:08:29]} {[%emt 00:07:28]} 14. Re1 {[%clk 01:10:19]} {[%emt 00:09:28]} Bxc4
{[%clk 01:02:16]} {[%emt 00:06:43]} 15. Bxc4 {[%clk 01:07:26]} {[%emt
00:03:23]} a6 {[%clk 01:01:44]} {[%emt 00:01:02]} 16. h3 {[%clk 00:59:46]}
{[%emt 00:08:10]} b5 {[%clk 00:58:17]} {[%emt 00:03:58]} 17. Bf1 {[%clk
00:58:40]} {[%emt 00:01:36]} bxa4 {[%clk 00:53:40]} {[%emt 00:05:07]} 18. Nxa4
{[%clk 00:50:15]} {[%emt 00:08:54]} Rab8 {[%clk 00:46:22]} {[%emt 00:07:48]} 19.
Bc4 {[%clk 00:47:40]} {[%emt 00:03:05]} Rb4 {[%clk 00:44:55]} {[%emt 00:01:57]}
20. b3 {[%clk 00:46:00]} {[%emt 00:02:10]} Re8 {[%clk 00:44:18]} {[%emt
00:01:06]} 21. e5 {[%clk 00:40:34]} {[%emt 00:05:57]} Nfxd5 {[%clk 00:29:04]}
{[%emt 00:15:44]} 22. Qf3 {[%clk 00:25:23]} {[%emt 00:15:41]} Rxe5 {[%clk
00:20:52]} {[%emt 00:08:42]} 23. Rxe5 {[%clk 00:25:30]} {[%emt 00:00:23]} Bxe5
{[%clk 00:18:13]} {[%emt 00:03:10]} 24. Rd1 {[%clk 00:25:23]} {[%emt 00:00:37]}
Rxc4 {[%clk 00:13:53]} {[%emt 00:04:50]} 25. bxc4 {[%clk 00:25:45]} {[%emt
00:00:08]} Qxa4 {[%clk 00:14:11]} {[%emt 00:00:11]} 26. cxd5 {[%clk 00:25:56]}
{[%emt 00:00:19]} c4 {[%clk 00:13:27]} {[%emt 00:01:14]} 27. Bh6 {[%clk
00:21:08]} {[%emt 00:05:18]} Nb5 {[%clk 00:11:07]} {[%emt 00:02:50]} 28. Re1
{[%clk 00:16:30]} {[%emt 00:05:08]} Qa5 {[%clk 00:09:01]} {[%emt 00:02:36]} 29.
Rc1 {[%clk 00:11:53]} {[%emt 00:05:07]} Nd4 {[%clk 00:06:23]} {[%emt 00:03:09]}
30. Qd3 {[%clk 00:09:44]} {[%emt 00:02:38]} c3 {[%clk 00:03:35]} {[%emt
00:03:19]} 31. Qc4 {[%clk 00:07:23]} {[%emt 00:02:51]} Qd8 {[%clk 00:03:01]}
{[%emt 00:01:04]} 32. Rxc3 {[%clk 00:06:06]} {[%emt 00:01:47]} Ne2+ {[%clk
00:02:21]} {[%emt 00:01:09]} 1/2-1/2

[Event "Hoogeveen Open"]
[Site "Hoogeveen, Netherlands"]
[Date "2018.10.22"]
[Round "3.18"]
[White "Mellema, Andries"]
[Black "Den Hartog, Marijn"]
[Result "0-1"]
[WhiteElo "2140"]
[BlackElo "2296"]

1. e4 {[%clk 01:23:14]} {[%emt 00:07:45]} c5 {[%clk 01:30:55]} {[%emt
00:00:05]} 2. Nf3 {[%clk 01:22:18]} {[%emt 00:01:25]} e6 {[%clk 01:31:21]}
{[%emt 00:00:05]} 3. Nc3 {[%clk 01:22:21]} {[%emt 00:00:28]} a6 {[%clk
01:30:51]} {[%emt 00:01:00]} 4. d4 {[%clk 01:22:36]} {[%emt 00:00:15]} cxd4
{[%clk 01:31:16]} {[%emt 00:00:04]} 5. Nxd4 {[%clk 01:23:02]} {[%emt 00:00:05]}
Qc7 {[%clk 01:31:26]} {[%emt 00:00:20]} 6. g3 {[%clk 01:22:03]} {[%emt
00:01:29]} Nc6 {[%clk 01:27:33]} {[%emt 00:04:22]} 7. Bg2 {[%clk 01:21:59]}
{[%emt 00:00:34]} Nf6 {[%clk 01:27:26]} {[%emt 00:00:37]} 8. O-O {[%clk
01:21:13]} {[%emt 00:01:17]} Be7 {[%clk 01:26:56]} {[%emt 00:00:59]} 9. h3
{[%clk 01:19:18]} {[%emt 00:02:25]} O-O {[%clk 01:25:44]} {[%emt 00:01:42]} 10.
g4 {[%clk 01:18:46]} {[%emt 00:01:02]} d6 {[%clk 01:23:21]} {[%emt 00:02:54]}
11. Kh1 {[%clk 01:16:13]} {[%emt 00:03:01]} Rd8 {[%clk 01:14:22]} {[%emt
00:09:30]} 12. g5 {[%clk 01:01:13]} {[%emt 00:15:29]} Nd7 {[%clk 01:14:43]}
{[%emt 00:00:09]} 13. f4 {[%clk 00:51:25]} {[%emt 00:10:19]} Nxd4 {[%clk
01:09:52]} {[%emt 00:05:21]} 14. Qxd4 {[%clk 00:51:19]} {[%emt 00:00:36]} b5
{[%clk 01:10:20]} {[%emt 00:00:03]} 15. a4 {[%clk 00:44:02]} {[%emt 00:07:47]}
bxa4 {[%clk 01:03:31]} {[%emt 00:07:19]} 16. Rxa4 {[%clk 00:39:00]} {[%emt
00:05:32]} a5 {[%clk 00:58:57]} {[%emt 00:05:04]} 17. b3 {[%clk 00:23:58]}
{[%emt 00:15:32]} Nb6 {[%clk 00:48:57]} {[%emt 00:10:29]} 18. Ra2 {[%clk
00:21:21]} {[%emt 00:03:07]} e5 {[%clk 00:32:52]} {[%emt 00:16:35]} 19. Qe3
{[%clk 00:19:02]} {[%emt 00:02:48]} Ba6 {[%clk 00:26:52]} {[%emt 00:06:31]} 20.
Rf3 {[%clk 00:16:57]} {[%emt 00:02:34]} Bb7 {[%clk 00:24:19]} {[%emt 00:03:04]}
21. Rf1 {[%clk 00:16:18]} {[%emt 00:01:09]} d5 {[%clk 00:10:00]} {[%emt
00:14:48]} 22. exd5 {[%clk 00:13:05]} {[%emt 00:03:44]} exf4 {[%clk 00:01:50]}
{[%emt 00:08:41]} 23. Qxf4 {[%clk 00:13:16]} {[%emt 00:00:18]} Qxf4 {[%clk
00:02:18]} {[%emt 00:00:03]} 24. Bxf4 {[%clk 00:12:52]} {[%emt 00:00:53]} Rac8
{[%clk 00:02:40]} {[%emt 00:00:08]} 25. Ne4 {[%clk 00:03:36]} {[%emt 00:09:45]}
Nxd5 {[%clk 00:02:03]} {[%emt 00:01:08]} 26. Bd2 {[%clk 00:03:08]} {[%emt
00:00:59]} Nb4 {[%clk 00:01:38]} {[%emt 00:00:54]} 27. Bxb4 {[%clk 00:03:06]}
{[%emt 00:00:31]} Bxb4 {[%clk 00:01:53]} {[%emt 00:00:16]} 28. c4 {[%clk
00:01:37]} {[%emt 00:01:59]} Rd4 {[%clk 00:01:12]} {[%emt 00:01:11]} 29. Nf6+
{[%clk 00:01:24]} {[%emt 00:00:43]} gxf6 {[%clk 00:01:34]} {[%emt 00:00:07]} 30.
Bxb7 {[%clk 00:01:51]} {[%emt 00:00:04]} Rc7 {[%clk 00:02:01]} {[%emt
00:00:03]} 31. Bd5 {[%clk 00:02:05]} {[%emt 00:00:16]} fxg5 {[%clk 00:01:48]}
{[%emt 00:00:43]} 32. Raf2 {[%clk 00:01:59]} {[%emt 00:00:36]} Rd3 {[%clk
00:01:45]} {[%emt 00:00:34]} 33. Bxf7+ {[%clk 00:01:16]} {[%emt 00:01:13]} Kg7
{[%clk 00:02:06]} {[%emt 00:00:08]} 34. Be6 {[%clk 00:01:17]} {[%emt 00:00:29]}
Re3 {[%clk 00:01:59]} {[%emt 00:00:37]} 35. Bg4 {[%clk 00:00:36]} {[%emt
00:01:12]} Rxb3 {[%clk 00:02:22]} {[%emt 00:00:06]} 36. Rf5 {[%clk 00:00:43]}
{[%emt 00:00:24]} h6 {[%clk 00:02:12]} {[%emt 00:00:39]} 37. Rc1 {[%clk
00:00:56]} {[%emt 00:00:16]} a4 {[%clk 00:01:37]} {[%emt 00:01:07]} 38. Rb5
{[%clk 00:00:37]} {[%emt 00:00:49]} Bc5 {[%clk 00:00:59]} {[%emt 00:01:08]} 39.
Ra1 {[%clk 00:00:33]} {[%emt 00:00:33]} h5 {[%clk 00:00:58]} {[%emt 00:00:31]}
40. Be6 {[%clk 00:00:34]} {[%emt 00:00:30]} Kf6 {[%clk 00:01:01]} {[%emt
00:00:27]} 41. Re1 {[%clk 00:26:17]} {[%emt 00:04:46]} Rxb5 {[%clk 00:29:52]}
{[%emt 00:01:39]} 42. cxb5 {[%clk 00:23:23]} {[%emt 00:03:25]} Re7 {[%clk
00:30:19]} {[%emt 00:00:02]} 43. Ra1 {[%clk 00:18:47]} {[%emt 00:05:06]} Rxe6
{[%clk 00:30:05]} {[%emt 00:00:43]} 44. Rxa4 {[%clk 00:19:11]} {[%emt
00:00:07]} Rb6 {[%clk 00:29:21]} {[%emt 00:01:14]} 45. h4 {[%clk 00:13:40]}
{[%emt 00:06:01]} g4 {[%clk 00:29:25]} {[%emt 00:00:26]} 46. Rf4+ {[%clk
00:14:05]} {[%emt 00:00:05]} Ke5 {[%clk 00:28:58]} {[%emt 00:00:56]} 47. Rf7
{[%clk 00:14:26]} {[%emt 00:00:10]} Rxb5 {[%clk 00:28:58]} {[%emt 00:00:31]} 48.
Kg2 {[%clk 00:13:34]} {[%emt 00:01:21]} Ke4 {[%clk 00:28:51]} {[%emt 00:00:37]}
49. Kh1 {[%clk 00:11:07]} {[%emt 00:02:56]} Bd6 {[%clk 00:29:03]} {[%emt
00:00:18]} 50. Kg2 {[%clk 00:11:18]} {[%emt 00:00:20]} Rb2+ {[%clk 00:29:05]}
{[%emt 00:00:27]} 51. Kg1 {[%clk 00:10:56]} {[%emt 00:00:52]} Bf4 {[%clk
00:29:01]} {[%emt 00:00:34]} 52. Rd7 {[%clk 00:09:25]} {[%emt 00:02:02]} Kf3
{[%clk 00:28:37]} {[%emt 00:00:52]} 53. Rd3+ {[%clk 00:09:25]} {[%emt
00:00:22]} Be3+ {[%clk 00:29:02]} {[%emt 00:00:15]} 54. Kh1 {[%clk 00:09:48]}
{[%emt 00:00:06]} Rb1+ {[%clk 00:29:26]} {[%emt 00:00:07]} 55. Kh2 {[%clk
00:09:47]} {[%emt 00:00:31]} g3+ {[%clk 00:29:52]} {[%emt 00:00:04]} 56. Kh3
{[%clk 00:10:13]} {[%emt 00:00:05]} Rh1 {[%clk 00:29:48]} {[%emt 00:00:03]} 0-1

[Event "Hoogeveen Open"]
[Site "Hoogeveen, Netherlands"]
[Date "2018.10.22"]
[Round "3.19"]
[White "Warakomska, Anna"]
[Black "Giacomini, Hector"]
[Result "1/2-1/2"]
[WhiteElo "2293"]
[BlackElo "2178"]

1. e4 {[%clk 01:30:57]} {[%emt 00:00:03]} c6 {[%clk 01:30:55]} {[%emt
00:00:05]} 2. d4 {[%clk 01:31:22]} {[%emt 00:00:04]} d5 {[%clk 01:31:21]}
{[%emt 00:00:05]} 3. e5 {[%clk 01:31:34]} {[%emt 00:00:18]} c5 {[%clk
01:31:46]} {[%emt 00:00:05]} 4. dxc5 {[%clk 01:31:36]} {[%emt 00:00:29]} e6
{[%clk 01:32:06]} {[%emt 00:00:09]} 5. a3 {[%clk 01:31:45]} {[%emt 00:00:22]}
Bxc5 {[%clk 01:32:23]} {[%emt 00:00:12]} 6. b4 {[%clk 01:32:06]} {[%emt
00:00:08]} Be7 {[%clk 01:32:29]} {[%emt 00:00:24]} 7. Nf3 {[%clk 01:31:16]}
{[%emt 00:01:21]} a5 {[%clk 01:32:19]} {[%emt 00:00:40]} 8. b5 {[%clk
01:31:16]} {[%emt 00:00:30]} Nd7 {[%clk 01:31:56]} {[%emt 00:00:53]} 9. Bd3
{[%clk 01:28:15]} {[%emt 00:03:31]} f6 {[%clk 01:31:25]} {[%emt 00:01:01]} 10.
Bb2 {[%clk 01:24:46]} {[%emt 00:03:59]} Nh6 {[%clk 01:29:38]} {[%emt 00:02:16]}
11. Qe2 {[%clk 01:17:31]} {[%emt 00:07:45]} O-O {[%clk 01:27:47]} {[%emt
00:02:22]} 12. O-O {[%clk 01:09:27]} {[%emt 00:08:33]} Nf7 {[%clk 01:26:43]}
{[%emt 00:01:34]} 13. exf6 {[%clk 01:00:06]} {[%emt 00:09:52]} Bxf6 {[%clk
01:26:40]} {[%emt 00:00:34]} 14. c4 {[%clk 00:58:28]} {[%emt 00:02:08]} Nc5
{[%clk 01:15:59]} {[%emt 00:11:10]} 15. Nc3 {[%clk 00:54:37]} {[%emt 00:04:21]}
b6 {[%clk 01:04:47]} {[%emt 00:11:42]} 16. Rad1 {[%clk 00:42:51]} {[%emt
00:12:16]} Bb7 {[%clk 01:04:18]} {[%emt 00:00:59]} 17. cxd5 {[%clk 00:37:33]}
{[%emt 00:05:48]} exd5 {[%clk 01:03:37]} {[%emt 00:01:11]} 18. Bb1 {[%clk
00:37:30]} {[%emt 00:00:32]} d4 {[%clk 00:50:34]} {[%emt 00:13:33]} 19. Nxd4
{[%clk 00:28:04]} {[%emt 00:09:56]} Bxd4 {[%clk 00:48:53]} {[%emt 00:02:11]} 20.
Qh5 {[%clk 00:16:00]} {[%emt 00:12:34]} Nh6 {[%clk 00:45:09]} {[%emt 00:04:13]}
21. Ne4 {[%clk 00:03:11]} {[%emt 00:13:20]} Bxe4 {[%clk 00:42:39]} {[%emt
00:03:00]} 22. Bxd4 {[%clk 00:01:31]} {[%emt 00:02:10]} Qe8 {[%clk 00:38:32]}
{[%emt 00:04:37]} 23. Ba2+ {[%clk 00:01:22]} {[%emt 00:00:39]} Nf7 {[%clk
00:32:53]} {[%emt 00:06:09]} 24. Rfe1 {[%clk 00:01:48]} {[%emt 00:00:04]} Bg6
{[%clk 00:32:22]} {[%emt 00:01:00]} 25. Qd5 {[%clk 00:01:37]} {[%emt 00:00:42]}
Qd8 {[%clk 00:24:52]} {[%emt 00:07:59]} 26. Qe5 {[%clk 00:01:58]} {[%emt
00:00:09]} Qf6 {[%clk 00:25:17]} {[%emt 00:00:06]} 27. Qc7 {[%clk 00:02:21]}
{[%emt 00:00:07]} Qg5 {[%clk 00:23:16]} {[%emt 00:02:31]} 28. Qxb6 {[%clk
00:01:13]} {[%emt 00:01:37]} Nd3 {[%clk 00:22:49]} {[%emt 00:00:57]} 29. Re3
{[%clk 00:01:06]} {[%emt 00:00:38]} Nf4 {[%clk 00:22:07]} {[%emt 00:01:12]} 30.
g3 {[%clk 00:00:48]} {[%emt 00:00:48]} Nd5 {[%clk 00:10:34]} {[%emt 00:12:03]}
31. Qc5 {[%clk 00:01:13]} {[%emt 00:00:05]} Qh5 {[%clk 00:10:44]} {[%emt
00:00:19]} 32. Ree1 {[%clk 00:01:22]} {[%emt 00:00:21]} Nf6 {[%clk 00:10:55]}
{[%emt 00:00:19]} 33. Qc3 {[%clk 00:00:54]} {[%emt 00:00:59]} Rfd8 {[%clk
00:10:12]} {[%emt 00:01:13]} 34. Qa1 {[%clk 00:00:43]} {[%emt 00:00:41]} Qxb5
{[%clk 00:04:31]} {[%emt 00:06:10]} 35. Bxf6 {[%clk 00:00:44]} {[%emt
00:00:29]} Rxd1 {[%clk 00:04:22]} {[%emt 00:00:40]} 36. Rxd1 {[%clk 00:01:12]}
{[%emt 00:00:02]} gxf6 {[%clk 00:04:39]} {[%emt 00:00:13]} 37. Qxf6 {[%clk
00:01:31]} {[%emt 00:00:11]} Qh5 {[%clk 00:03:15]} {[%emt 00:01:54]} 38. Rd7
{[%clk 00:00:37]} {[%emt 00:01:24]} Re8 {[%clk 00:03:06]} {[%emt 00:00:39]} 39.
Qc3 {[%clk 00:00:41]} {[%emt 00:00:26]} Qe5 {[%clk 00:02:50]} {[%emt 00:00:46]}
40. Qxe5 {[%clk 00:00:38]} {[%emt 00:00:33]} Rxe5 {[%clk 00:03:14]} {[%emt
00:00:05]} 41. f4 {[%clk 00:27:54]} {[%emt 00:03:14]} Rc5 {[%clk 00:29:48]}
{[%emt 00:03:56]} 42. Be6 {[%clk 00:25:03]} {[%emt 00:03:22]} Rc1+ {[%clk
00:18:56]} {[%emt 00:11:22]} 43. Kf2 {[%clk 00:24:17]} {[%emt 00:01:16]} Rc2+
{[%clk 00:19:21]} {[%emt 00:00:05]} 44. Ke3 {[%clk 00:08:01]} {[%emt 00:16:46]}
Rc3+ {[%clk 00:15:04]} {[%emt 00:04:44]} 45. Kd2 {[%clk 00:06:19]} {[%emt
00:02:15]} Rc2+ {[%clk 00:14:44]} {[%emt 00:00:50]} 46. Ke3 {[%clk 00:06:36]}
{[%emt 00:00:13]} Rc3+ {[%clk 00:14:16]} {[%emt 00:00:57]} 47. Kd2 {[%clk
00:07:02]} {[%emt 00:00:04]} Rc2+ {[%clk 00:14:36]} {[%emt 00:00:11]} 1/2-1/2

[Event "Hoogeveen Open"]
[Site "Hoogeveen, Netherlands"]
[Date "2018.10.22"]
[Round "3.20"]
[White "Bluhm, Sonja Maria"]
[Black "Ingebretsen, Jens E"]
[Result "1/2-1/2"]
[WhiteElo "2281"]
[BlackElo "2160"]

1. e4 {[%clk 01:30:58]} {[%emt 00:00:02]} c5 {[%clk 01:23:41]} {[%emt
00:07:15]} 2. Nc3 {[%clk 01:31:16]} {[%emt 00:00:17]} Nc6 {[%clk 01:23:51]}
{[%emt 00:00:19]} 3. Bb5 {[%clk 01:31:23]} {[%emt 00:00:23]} Nd4 {[%clk
01:24:13]} {[%emt 00:00:07]} 4. Bc4 {[%clk 01:31:47]} {[%emt 00:00:06]} e6
{[%clk 01:24:21]} {[%emt 00:00:22]} 5. Nge2 {[%clk 01:31:44]} {[%emt 00:00:34]}
Nf6 {[%clk 01:24:26]} {[%emt 00:00:24]} 6. O-O {[%clk 01:31:28]} {[%emt
00:00:46]} a6 {[%clk 01:23:39]} {[%emt 00:01:17]} 7. d3 {[%clk 01:31:36]}
{[%emt 00:00:23]} b5 {[%clk 01:23:12]} {[%emt 00:00:57]} 8. Bb3 {[%clk
01:31:58]} {[%emt 00:00:08]} Nxb3 {[%clk 01:23:00]} {[%emt 00:00:42]} 9. axb3
{[%clk 01:32:16]} {[%emt 00:00:12]} Bb7 {[%clk 01:22:39]} {[%emt 00:00:50]} 10.
f4 {[%clk 01:32:10]} {[%emt 00:00:37]} d6 {[%clk 01:22:04]} {[%emt 00:01:05]}
11. f5 {[%clk 01:31:04]} {[%emt 00:01:36]} Be7 {[%clk 01:20:24]} {[%emt
00:02:09]} 12. Qe1 {[%clk 01:26:48]} {[%emt 00:04:48]} Qd7 {[%clk 01:09:49]}
{[%emt 00:11:04]} 13. Qg3 {[%clk 01:26:34]} {[%emt 00:00:44]} Rg8 {[%clk
01:06:02]} {[%emt 00:04:17]} 14. Qh3 {[%clk 01:20:18]} {[%emt 00:06:46]} exf5
{[%clk 01:03:32]} {[%emt 00:02:59]} 15. Qxf5 {[%clk 01:16:43]} {[%emt
00:04:05]} b4 {[%clk 00:59:42]} {[%emt 00:04:21]} 16. Qxd7+ {[%clk 01:05:49]}
{[%emt 00:11:24]} Nxd7 {[%clk 00:59:28]} {[%emt 00:00:43]} 17. Nb1 {[%clk
01:05:56]} {[%emt 00:00:24]} Bf6 {[%clk 00:57:45]} {[%emt 00:02:12]} 18. Nd2
{[%clk 01:06:00]} {[%emt 00:00:26]} O-O-O {[%clk 00:52:28]} {[%emt 00:05:47]}
19. Nc4 {[%clk 01:01:40]} {[%emt 00:04:51]} Ne5 {[%clk 00:51:01]} {[%emt
00:01:56]} 20. Ng3 {[%clk 00:56:19]} {[%emt 00:05:52]} Ng6 {[%clk 00:40:32]}
{[%emt 00:10:58]} 21. Nf5 {[%clk 00:54:19]} {[%emt 00:02:31]} Kc7 {[%clk
00:40:32]} {[%emt 00:00:29]} 22. Nfe3 {[%clk 00:47:52]} {[%emt 00:06:58]} Rge8
{[%clk 00:38:59]} {[%emt 00:02:01]} 23. Bd2 {[%clk 00:45:15]} {[%emt 00:03:09]}
Rd7 {[%clk 00:36:05]} {[%emt 00:03:24]} 24. Be1 {[%clk 00:38:58]} {[%emt
00:06:47]} h5 {[%clk 00:33:40]} {[%emt 00:02:54]} 25. h3 {[%clk 00:37:21]}
{[%emt 00:02:07]} Ne5 {[%clk 00:31:57]} {[%emt 00:02:13]} 26. Bg3 {[%clk
00:35:43]} {[%emt 00:02:09]} Nxc4 {[%clk 00:31:18]} {[%emt 00:01:09]} 27. Nxc4
{[%clk 00:35:58]} {[%emt 00:00:15]} Re6 {[%clk 00:30:52]} {[%emt 00:00:56]} 28.
Rae1 {[%clk 00:23:27]} {[%emt 00:13:01]} Bd4+ {[%clk 00:29:44]} {[%emt
00:01:38]} 29. Kh1 {[%clk 00:20:56]} {[%emt 00:03:01]} Kd8 {[%clk 00:26:40]}
{[%emt 00:03:34]} 30. Nb6 {[%clk 00:16:49]} {[%emt 00:04:37]} Rde7 {[%clk
00:25:51]} {[%emt 00:01:17]} 31. Bh4 {[%clk 00:13:42]} {[%emt 00:03:39]} f6
{[%clk 00:26:08]} {[%emt 00:00:13]} 32. Rb1 {[%clk 00:12:20]} {[%emt 00:01:52]}
Kc7 {[%clk 00:25:11]} {[%emt 00:01:27]} 33. Na4 {[%clk 00:11:54]} {[%emt
00:00:57]} Bc6 {[%clk 00:23:35]} {[%emt 00:02:05]} 34. Bg3 {[%clk 00:04:25]}
{[%emt 00:07:59]} Be5 {[%clk 00:22:44]} {[%emt 00:01:21]} 35. Bf2 {[%clk
00:03:52]} {[%emt 00:01:03]} g6 {[%clk 00:22:13]} {[%emt 00:01:01]} 36. Rfc1
{[%clk 00:03:16]} {[%emt 00:01:06]} f5 {[%clk 00:21:59]} {[%emt 00:00:44]} 37.
c3 {[%clk 00:02:32]} {[%emt 00:01:15]} bxc3 {[%clk 00:21:51]} {[%emt 00:00:37]}
38. bxc3 {[%clk 00:02:09]} {[%emt 00:00:53]} fxe4 {[%clk 00:20:56]} {[%emt
00:01:24]} 39. dxe4 {[%clk 00:02:18]} {[%emt 00:00:21]} Bxe4 {[%clk 00:20:58]}
{[%emt 00:00:28]} 40. Rb2 {[%clk 00:02:39]} {[%emt 00:00:10]} g5 {[%clk
00:19:21]} {[%emt 00:02:07]} 41. b4 {[%clk 00:29:20]} {[%emt 00:03:48]} Bc6
{[%clk 00:48:48]} {[%emt 00:01:03]} 42. Ra1 {[%clk 00:28:00]} {[%emt 00:01:50]}
Bxa4 {[%clk 00:48:12]} {[%emt 00:01:07]} 43. Rxa4 {[%clk 00:28:23]} {[%emt
00:00:07]} Bxc3 {[%clk 00:47:24]} {[%emt 00:01:17]} 44. Rc2 {[%clk 00:28:40]}
{[%emt 00:00:13]} Be1 {[%clk 00:34:40]} {[%emt 00:13:15]} 45. bxc5 {[%clk
00:28:08]} {[%emt 00:01:03]} d5 {[%clk 00:34:54]} {[%emt 00:00:15]} 46. Bxe1
{[%clk 00:27:20]} {[%emt 00:01:18]} Rxe1+ {[%clk 00:35:21]} {[%emt 00:00:03]}
47. Kh2 {[%clk 00:27:49]} R7e6 {[%clk 00:34:47]} {[%emt 00:01:04]} 48. Rca2
{[%clk 00:25:25]} {[%emt 00:02:55]} Rc1 {[%clk 00:34:01]} {[%emt 00:01:16]} 49.
Rxa6 {[%clk 00:24:30]} {[%emt 00:01:24]} Rxa6 {[%clk 00:34:15]} {[%emt
00:00:15]} 50. Rxa6 {[%clk 00:24:56]} {[%emt 00:00:05]} Rxc5 {[%clk 00:34:37]}
{[%emt 00:00:08]} 51. Kg3 {[%clk 00:24:56]} {[%emt 00:00:30]} h4+ {[%clk
00:32:20]} {[%emt 00:02:47]} 52. Kg4 {[%clk 00:24:02]} {[%emt 00:01:24]} d4
{[%clk 00:32:22]} {[%emt 00:00:28]} 53. Kf3 {[%clk 00:23:50]} {[%emt 00:00:42]}
Rc3+ {[%clk 00:25:22]} {[%emt 00:07:29]} 54. Ke4 {[%clk 00:22:48]} {[%emt
00:01:32]} d3 {[%clk 00:24:54]} {[%emt 00:00:59]} 55. Ke3 {[%clk 00:20:43]}
{[%emt 00:02:35]} Kd7 {[%clk 00:24:15]} {[%emt 00:01:09]} 56. Rg6 {[%clk
00:18:17]} {[%emt 00:02:56]} d2+ {[%clk 00:24:03]} {[%emt 00:00:42]} 57. Kxd2
{[%clk 00:18:26]} {[%emt 00:00:21]} Rg3 {[%clk 00:24:24]} {[%emt 00:00:08]} 58.
Ke2 {[%clk 00:18:27]} {[%emt 00:00:29]} Rxg2+ {[%clk 00:24:47]} {[%emt
00:00:07]} 59. Kf3 {[%clk 00:18:39]} {[%emt 00:00:19]} Rg3+ {[%clk 00:23:58]}
{[%emt 00:01:18]} 60. Ke4 {[%clk 00:18:38]} {[%emt 00:00:32]} Ke7 {[%clk
00:23:47]} {[%emt 00:00:41]} 61. Kf5 {[%clk 00:17:54]} {[%emt 00:01:14]} Rxh3
{[%clk 00:24:04]} {[%emt 00:00:14]} 62. Rxg5 {[%clk 00:17:58]} {[%emt
00:00:25]} Ra3 {[%clk 00:23:26]} {[%emt 00:01:08]} 63. Kg4 {[%clk 00:17:06]}
{[%emt 00:01:22]} Ra4+ {[%clk 00:23:32]} {[%emt 00:00:24]} 64. Kh3 {[%clk
00:17:28]} {[%emt 00:00:08]} Kf6 {[%clk 00:23:53]} {[%emt 00:00:08]} 65. Rg4
{[%clk 00:17:23]} {[%emt 00:00:36]} Rxg4 {[%clk 00:24:11]} {[%emt 00:00:12]} 66.
Kxg4 {[%clk 00:17:51]} {[%emt 00:00:02]} h3 {[%clk 00:24:30]} {[%emt 00:00:10]}
67. Kxh3 {[%clk 00:18:16]} {[%emt 00:00:05]} Ke5 {[%clk 00:24:28]} {[%emt
00:00:05]} 1/2-1/2